Direct-current circuits / (Record no. 12722)
[ view plain ]
| 000 -LEADER | |
|---|---|
| fixed length control field | 01253nam a22003012 4500 |
| 001 - CONTROL NUMBER | |
| control field | 12722 |
| 003 - CONTROL NUMBER IDENTIFIER | |
| rucl marc code | BD-RjUL |
| 005 - DATE AND TIME OF LATEST TRANSACTION | |
| control field | 20211208235339.0 |
| 008 - FIXED-LENGTH DATA ELEMENTS--GENERAL INFORMATION | |
| fixed length control field | 140129s1953 xx 001 0 eng c |
| 035 ## - SYSTEM CONTROL NUMBER | |
| System control number | OCLC ocm01310153 from D971002M |
| -- | (BD-RjUL) |
| 040 ## - CATALOGING SOURCE | |
| Original cataloging agency | NAM |
| Transcribing agency | NAM |
| Modifying agency | EQO |
| -- | BD-RjUL |
| Language of cataloging | eng |
| 041 ## - LANGUAGE CODE | |
| Language code of text/sound track or separate title | eng |
| 082 ## - DEWEY DECIMAL CLASSIFICATION NUMBER | |
| Classification number | 621.3132 |
| Author mark and year | MOD 1953 |
| 100 1# - MAIN ENTRY--PERSONAL NAME | |
| Personal name | Morecock, Earle Monroe. |
| Dates associated with a name | 1898- |
| 9 (RLIN) | 39231 |
| 245 10 - TITLE STATEMENT | |
| Title | Direct-current circuits / |
| Statement of responsibility, etc. | by Earle M. Morecock. |
| 260 ## - PUBLICATION, DISTRIBUTION, ETC. (IMPRINT) | |
| Place of publication, distribution, etc. | New York : |
| -- | London : |
| Name of publisher, distributor, etc. | McGraw-Hill, |
| Date of publication, distribution, etc. | c1953. |
| 300 ## - PHYSICAL DESCRIPTION | |
| Pagination | xviii p., 1 β., 387 p. : |
| Illustrations | illus., diagrs. ; |
| Size | 24 cm. |
| 490 0# - SERIES STATEMENT | |
| Series statement | Rochester technical series |
| 500 ## - GENERAL NOTE | |
| General note | "One of a series prepared by the faculty of Rochester athenaeum and mechanics institute as part of its program for developing teaching materials ... related to the requirements of industry ... A companion volume Alternating-current circuits, by the same author, is included in this series." --Pref. |
| General note | "Answers": p. 375-381. |
| 504 ## - BIBLIOGRAPHY, ETC. NOTE | |
| Bibliography, etc | Includes Index. |
| 650 #0 - SUBJECT ADDED ENTRY--TOPICAL TERM | |
| Topical term or geographic name as entry element | Electric currents. |
| 9 (RLIN) | 27773 |
| Topical term or geographic name as entry element | Electric circuits. |
| 9 (RLIN) | 39623 |
| 710 2# - ADDED ENTRY--CORPORATE NAME | |
| Corporate name or jurisdiction name as entry element | Rochester athenaeum and mechanics institute, Rochester, N.Y. |
| 9 (RLIN) | 39233 |
| 942 ## - ADDED ENTRY ELEMENTS (KOHA) | |
| Source of classification or shelving scheme | Dewey Decimal Classification |
| Koha item type | Books |
| Lost status | Source of classification or shelving scheme | Damaged status | Not for loan | Collection code | Permanent Location | Current Location | Shelving location | Date acquired | Source of acquisition | Cost, normal purchase price | Total Checkouts | Full call number | Date last seen | Copy number | Koha item type |
|---|---|---|---|---|---|---|---|---|---|---|---|---|---|---|---|
| Dewey Decimal Classification | Not For Loan | Fiction | Central Library, University of Rajshahi | Central Library, University of Rajshahi | Reading Room | 02/01/1959 | magraw hill book. | 4.50 | 621.3132 MOD 1953 | 29/01/2014 | C-1 | Books |